LIbrary technical services: (Record no. 122579)

MARC details
000 -LEADER
fixed length control field 00737nam a22002417a 4500
005 - DATE AND TIME OF LATEST TRANSACTION
control field 20170124105912.0
010 ## - LIBRARY OF CONGRESS CONTROL NUMBER
LC control number A-285409
020 ## - INTERNATIONAL STANDARD BOOK NUMBER
Terms of availability 00
International Standard Book Number 0122870409
035 ## - SYSTEM CONTROL NUMBER
System control number A-285409
037 ## - SOURCE OF ACQUISITION
Source of stock number/acquisition Cen Lib/Ret
040 ## - CATALOGING SOURCE
Original cataloging agency DPL
Language of cataloging EN
082 ## - DEWEY DECIMAL CLASSIFICATION NUMBER
Classification number 025
Item number LIB
245 ## - TITLE STATEMENT
Title LIbrary technical services:
Statement of responsibility, etc edited by Irene P. Godden
Remainder of title Operations and management /
246 ## - VARYING FORM OF TITLE
Remainder of title
260 ## - PUBLICATION, DISTRIBUTION, ETC. (IMPRINT)
Name of publisher, distributor, etc Academic Press, Inc
Date of publication, distribution, etc 1984
Place of publication, distribution, etc London
270 ## - ADDRESS
Address 24/28, Oval Road
City London
300 ## - PHYSICAL DESCRIPTION
Extent xii, 272p.
Dimensions 22cm(Hb)
500 ## - GENERAL NOTE
General note includes bibliographical references and index
650 ## - SUBJECT ADDED ENTRY--TOPICAL TERM
Topical term or geographic name as entry element library sciences
General subdivision Processing
9 (RLIN) 956
650 ## - SUBJECT ADDED ENTRY--TOPICAL TERM
Topical term or geographic name as entry element Library Automations
9 (RLIN) 957
700 ## - ADDED ENTRY--PERSONAL NAME
Personal name Godden, Irene P.
9 (RLIN) 960
942 ## - ADDED ENTRY ELEMENTS (KOHA)
Source of classification or shelving scheme Dewey Decimal Classification
Koha item type English Books
Classification part 025
Call number suffix LIB
Holdings
Withdrawn status Lost status Damaged status Not for loan Collection code Home library Current library Date acquired Source of acquisition Cost, normal purchase price Total Checkouts Full call number Barcode Date last seen Copy number Cost, replacement price Price effective from Koha item type
      Not For Loan Reference Central Library Central Library 28/05/2015 Cen Lib/Ret 0.00   025 LIB A-285409 28/05/2015 1 0.00 15/09/2016 English Books

© Delhi Public Library
Hit Counter
free hit counter